000
00301 a2200133 4500
001
194957
040
_c
Magnum
240
1
0
_a
O diário de Anne Frank
_l
por
245
1
0
_a
O diário de Anne Frank
300
_a
169
440
1
_a
Record
697
_a
LITERATURA INFANTO-JUVENIL ESTRANGEIRA
942
_c
BK
999
_c
194957
_d
194957